000 01324nam a2200313 a 4500
003 BLK
005 20241207120229.0
008 180412b bul|||||r ||||||| ||bul||
010 _aKNG00003220000
040 _aBLK
041 _aBUL
_cBUL
080 _aИзточни бойни изкуства - Джиу-джиц, джудо, кит. борба, айкидо, самбо, карате, сумо и др.
_b796.85
_x(510)(075.9)
_z796.85(510)(075.9)
100 1 _aЦзуй Чуан
_eпърви автор
_9363428
139 _aЦзуй Чуан
_bЦ 57
245 1 0 _aЮмрукът на пияния
_bУчебник
_cЦзуй Чуан.
257 _aKIT
260 _aВарна
_bЛао Дзъ
_bЦентър за традиционни кит. изкуства
_c1994
_fВарна : Бряг-принт
300 _a141 с.
_bс ил.
_c20 см
380 _a79
500 _aПрев. и ез. на прев. неустановени ; 1 530 тир.
650 4 _aБойни изкуства, източни - Китай - учебници за курсове
_9245503
852 _aЦб 180797
_bЦб
856 4 _qpdf
_u
856 4 _qpdf
_u
942 _cKNG
_n0
_04
944 _aCR
_c15.01.2003
_lГрета Цуфелде
_k30537
944 _aED
_c23.05.2014
_lф /
999 _c2254
_d2254
999 _d2254